| 000 | 01236nam a2200373 i 4500 | ||
|---|---|---|---|
| 001 | 20793 | ||
| 003 | KOSZ 005 | ||
| 005 | 20220323121419.0 | ||
| 008 | 991116s1982 pl a f f |000 0 pol | ||
| 015 | _aPB 1982/8609 | ||
| 020 | _a8301037474 | ||
| 040 |
_aWA N _cWA N _dKOSZ 005/HR |
||
| 041 | 0 | _apol | |
| 046 | _k1982 | ||
| 080 | _a678 | ||
| 080 | _a(075.8) | ||
| 100 | 1 |
_aSikora, Robert _d(1938- ) _eAutor |
|
| 245 | 1 | 0 |
_aPrzetwórstwo tworzyw sztucznych : _b[skrypt dla studentów wyższych szkół technicznych] / _cRobert Sikora. |
| 260 |
_aWarszawa ; _aŁódź : _bPaństwowe Wydawnictwo Naukowe, _c1982. |
||
| 300 |
_a351, [1] s. : _bil. tab. wykr. ; _c24 cm. |
||
| 380 | _aKsiążki | ||
| 388 | _a1901-2000 | ||
| 388 | _a1945-1982 | ||
| 490 | 1 | _aTechniki Wytwarzania. | |
| 504 | _aBibliogr. s. 351-[352]. | ||
| 650 | 4 | _aTworzywa sztuczne | |
| 650 | 4 | _aTechnologia chemiczna | |
| 655 | 4 | _aPodręczniki akademickie | |
| 658 | _aInżynieria i technika | ||
| 710 | 2 | _aPaństwowe Wydawnictwo Naukowe | |
| 830 | 0 | _aTechniki Wytwarzania | |
| 856 |
_uhttp://koha.tu.koszalin.pl/cgi-bin/koha/opac-detail.pl?biblionumber=20793 _yKatalog online BPK |
||
| 942 |
_2UKD _cKS |
||
| 999 |
_c20793 _d20793 |
||